Non-Capitals of the Americas - Sudden Death - Statistics

General Stats
  • This quiz has been taken 51 times
  • The average score is 7 of 10
Answers on the Grid
Answers color-coded by a green-red scale on the quiz's grid according to % correct below.
Washington DC
Ottawa
Mexico City
Havana
Brasilia
Lima
Quito
Bogota
Montevideo
Georgetown
New York
Toronto
Fortaleza
Cordoba
San Francisco
Vancouver
Guantanamo
Houston
Albuquerque
Halifax
 
Answer Stats
Answer % Correct
Houston
78%
San Francisco
78%
Albuquerque
74%
Cordoba
74%
Toronto
74%
Vancouver
74%
Fortaleza
70%
Halifax
70%
New York
70%
Guantanamo
61%
No matching quizzes found
Score Distribution
Percent of People with Each Score
Percentile by Number Answered
Your Score History
You have not taken this quiz